000 01858nam a2200241Ia 4500
008 260220t1974||||xx |||||||||||||| ||spa||
040 _aPY-SlUNAC
_bspa
_erda
041 _aspa
082 _a583.214
_bR992e
100 _aRyder, Edward J.
_eAutor
245 0 _aEvaluación de variedades de lechuga y propagación de líneas resistentes al mosaico común /
_cpor Edward J. Ryder [Autor]
264 _aCiudad de México :
_bCentro Regional de Ayuda Técnica,
_c℗1974.
300 _a1 volumen
520 _aEl libro de Edward J. Ryder, titulado "Evaluación de variedades de lechuga y propagación de líneas resistentes al mosaico común", presenta una investigación exhaustiva sobre la identificación y desarrollo de variedades de lechuga que puedan resistir el mosaico común, una enfermedad que afecta significativamente la producción de este cultivo. Publicado por el Centro Regional de Ayuda Técnica en 1974, el texto detalla metodologías para la evaluación de diferentes variedades de lechuga, enfocándose en su resistencia a enfermedades y su adaptación a condiciones específicas del cultivo. Ryder también aborda técnicas de propagación y selección, destacando la importancia de crear líneas que no solo sean productivas, sino también resilientes frente a plagas y enfermedades. A través de experimentos y análisis estadísticos, el autor proporciona datos valiosos que pueden servir como guía para agrónomos y cultivadores en la mejora genética de la lechuga, contribuyendo así a la seguridad alimentaria y a la sostenibilidad de la agricultura en la región.
653 _aEvaluación
653 _aHortalizas
653 _aPropagación de plantas
942 _b2026/02/17
_cBK
999 _c8305
_d8305